000 00884nam1a2200265 i 4500
001 RU\NLR\BIBL_A\010669659
005 20240921175206.0
035 _a(NLR Aleph) 010669659
090 _a9600326
_c9600326
100 _a20140313g20139999u y0rusy50 ca
101 0 _arus
102 _aRU
105 _a||||z||||||||
200 1 _aНужное чтение
_eновые невероятные факты
_fН. Еремич
210 _aСанкт-Петербург [и др.]
_cПитер
_d2013
215 _d20
300 _aНа обл. авт. не указан
606 1 _aПопулярная литература
_92193682
_3RU\NLR\AUTH\661318537
686 1 _aЯ9
700 1 _aЕремич
_bН. Г.
_gНаталья Григорьевна
852 _aNLR
_j2014-3/6981
942 _cBOOK
980 _aNBR